000 00623nam a2200277Ia 4500
005 20260324114837.0
008 008 260324s9999 xx 000 0 eng d
020 _a9781003146483
037 _aEBOOK
040 _aCRL
040 _beng
040 _cCRL
041 _2eng
041 _aeng
084 _qCRL
100 _aDmytro S. Inosov
_91152376
245 0 _aRare-Earth Borides
260 _bTaylor and Francis
260 _c2021
365 _a
365 _b400
856 _uhttp://www.taylorfrancis.com/books/9781003146483
942 _cEBOOK
999 _c1742800
_d1742800